Normal view
MARC view
- MULTIBODY SYSTEMS APPROACH TO VEHICLE DYNAMICS
Entry Topical Term
001 - CONTROL NUMBER
- control field: 63946
003 - CONTROL NUMBER IDENTIFIER
- control field: NUST
005 - DATE AND TIME OF LATEST TRANSACTION
- control field: 20210628203213.0
008 - FIXED-LENGTH DATA ELEMENTS
- fixed length control field: 210628|| aca||aabn | a|a d
040 ## - CATALOGING SOURCE
- Original cataloging agency: NUST
- Transcribing agency: NUST
150 ## - HEADING--TOPICAL TERM
- Topical term or geographic name entry element: MULTIBODY SYSTEMS APPROACH TO VEHICLE DYNAMICS
670 ## - SOURCE DATA FOUND
- Source citation: Work cat.: (NUST): Blundell, Michael , Harty, Damian 63945, The multibody systems approach to vehicle dynamics, 2004
